000 00790nam a22001937a 4500
999 _c17952
_d17948
003 AR-BaUME
005 20260303103344.0
008 260226b ||||| |||| 00| 0 spa d
040 _aUMET Biblioteca
_bspa
_cUMET Biblioteca
100 _aAvellino, Silvia
_927227
245 _aConstrucción de sentidos en el ingreso de niños y niñas migrantes en un distrito escolar del sistema educativo de la Ciudad Autónoma de Buenos Aires /
_cSilvia Avellino; profesor Axel Horn, tutora Mariela Canessa
250 _a1a ed.
260 _aCiudad Autónoma de Buenos Aires :
_bUMET,
_c2022
300 _a60 p. :
700 _aHorn, Axel
_eprof.
_927228
700 _aCanessa, Mariela
_etut.
_927229
856 _uhttps://forms.gle/VCCnF1qSTTVLWTfp6
_zSolicitar acceso online
942 _2udc
_cLIBRO